[Event "BCF-chT2 0001 (4NCL)"]
[Site "Birmingham"]
[Date "2001.05.05"]
[Round "9.5"]
[White "Longson, Alexander"]
[Black "Cawte, Paul"]
[Result "1-0"]
[WhiteElo "2174"]
[BlackElo "2112"]
[PlyCount "75"]
[EventDate "2000.11.26"]
[EventType "team"]
[EventRounds "11"]
[EventCountry "ENG"]
[SourceTitle "CBM 079 Extra"]
[Source "ChessBase"]
[SourceDate "2001.01.11"]
[SourceVersion "2"]
[SourceVersionDate "2001.01.25"]
[SourceQuality "1"]
[WhiteTeam "3CS Oldham"]
[BlackTeam "Kigns Head"]
[WhiteTeamCountry "ENG"]
[BlackTeamCountry "ENG"]

1. e4 Nf6 2. e5 Nd5 3. d4 d6 4. c4 Nb6 5. exd6 cxd6 6. Nc3 g6 7. Be3 Bg7 8. Rc1 0-0 9. b3 f5 10. f4 e6 11. Nf3 N8d7 12. Be2 Nf6 13. h3 Bd7 14. 0-0 Bc6 15. b4 Be4 16. Ng5 Qe7 17. Qb3 h6 18. Ngxe4 Nxe4 19. Nxe4 fxe4 20. a4 Nd7 21. b5 Nf6 22. a5 Kh8 23. Kh2 Rg8 24. Rfd1 Bf8 25. g4 Nh7 26. Rf1 Bg7 27. Qc2 d5 28. c5 g5 29. Qd2 Nf8 30. fxg5 hxg5 31. Bxg5 Qc7+ 32. Kg2 Ng6 33. b6 Qd7 34. Bf6 Kh7 35. Qg5 Bh6 36. Qh5 Qf7 37. g5 Ne5 38. Qxh6# 1-0

[Event "BCF-chT2 9900 (4NCL)"]
[Site "Birmingham"]
[Date "2000.05.01"]
[Round "11.6"]
[White "Cawte, Paul"]
[Black "Buckley, David"]
[Result "1-0"]
[WhiteElo "2150"]
[BlackElo "2153"]
[PlyCount "85"]
[EventDate "1999.10.??"]
[EventType "team"]
[EventRounds "11"]
[EventCountry "ENG"]
[SourceTitle "EXT 2001"]
[Source "ChessBase"]
[SourceDate "2000.11.22"]
[SourceVersion "1"]
[SourceVersionDate "2000.11.22"]
[SourceQuality "1"]
[WhiteTeam "Kings Head"]
[BlackTeam "Bristol II"]
[WhiteTeamCountry "ENG"]
[BlackTeamCountry "ENG"]

1. d4 d5 2. Bg5 h6 3. Bh4 c6 4. Nc3 Bf5 5. e3 Nd7 6. g4 Bh7 7. Bg2 Qb6 8. Rb1 e6 9. Nge2 Be7 10. Bg3 Ngf6 11. h3 c5 12. 0-0 Bd6 13. a3 0-0 14. Bxd6 Qxd6 15. Ng3 Rfd8 16. Qe2 cxd4 17. exd4 Nf8 18. f4 Rac8 19. Qf2 Rc4 20. f5 Qb6 21. Rfd1 Ne8 22. Bf1 Rc7 23. Bd3 exf5 24. gxf5 Qf6 25. Nb5 Re7 26. Nxa7 Nd6 27. Nb5 Ne4 28. Bxe4 dxe4 29. Re1 Qg5 30. Qe3 Qh4 31. Kh2 g6 32. Rf1 Nd7 33. Rf4 Qg5 34. Nxe4 Rxe4 35. Rxe4 Qxf5 36. Nd6 Qa5 37. Rf1 Qa6 38. Re8+ Nf8 39. Rxd8 Qxf1 40. Ne4 g5 41. Nf2 Bxc2 42. d5 Bb3 43. Qc5 1-0

[Event "BCF-chT2 9900 (4NCL)"]
[Site "Birmingham"]
[Date "2000.04.30"]
[Round "10.6"]
[White "Ghasi, Ameet K"]
[Black "Cawte, Paul"]
[Result "1/2-1/2"]
[WhiteElo "2032"]
[BlackElo "2150"]
[PlyCount "66"]
[EventDate "1999.10.??"]
[EventType "team"]
[EventRounds "11"]
[EventCountry "ENG"]
[SourceTitle "EXT 2001"]
[Source "ChessBase"]
[SourceDate "2000.11.22"]
[SourceVersion "1"]
[SourceVersionDate "2000.11.22"]
[SourceQuality "1"]
[WhiteTeam "Slough II"]
[BlackTeam "Kings Head"]
[WhiteTeamCountry "ENG"]
[BlackTeamCountry "ENG"]

1. Nf3 Nf6 2. d4 d6 3. c4 Bg4 4. Nc3 Nbd7 5. e3 e5 6. Be2 c6 7. 0-0 Be7 8. b3 0-0 9. Bb2 Re8 10. Qc2 Bf8 11. Rfe1 a6 12. Rad1 Qc7 13. h3 Bh5 14. dxe5 dxe5 15. Ng5 Bg6 16. Bd3 Nc5 17. Bxg6 hxg6 18. Nce4 Nfxe4 19. Nxe4 Nxe4 20. Qxe4 Rad8 21. Rxd8 Qxd8 22. Qc2 Qc7 23. Rd1 Be7 24. Rd2 Rd8 25. Rxd8+ Bxd8 26. Qd2 Bf6 27. Bc3 e4 28. Bxf6 gxf6 29. Qd4 Qa5 30. Qxf6 Qxa2 31. Qd8+ Kg7 32. Qd4+ Kg8 33. Qd8+ Kg7 1/2-1/2